000 00447nam a2200169 4500
001 107571
003 ES-MaACL
005 20230906184440.0
007 t|
008 061121s1968 sp r ||||1| spa d
100 1 _aMorta, Angel.
_9182531
245 1 4 _aLos consejos evangélicos /
_cAngel Morta.
260 _aMadrid :
_bCoculsa,
_c1968.
300 _a146 p., 3 lám ;
_c20 cm.
852 _aES-MaACL
_jC-50423
_bR.67619
999 _c107571
_d107571